000 00598nam a22001937a 4500
005 20251108164038.0
008 250721s9999 xx 000 0 ara d
082 1 4 _aم/616.03/موس
245 1 0 _aموسوعة صحة الأسرة :
_b10 /
264 1 _aبيروت :
_bديتوكربس،
_c[19-].
300 _a10ج
650 1 7 _aالأمراض
650 1 7 _aأمراض الجهاز الهضمي
650 1 7 _aالأمراض البولية التناسلية
650 1 7 _aالأمراض الجرموثية
650 1 7 _aالأمراض الباطنية
942 _2ddc
_cREF
999 _c2253
_d2253